KATSEYE - Membres du groupe par photo - Statistiques

Statistiques générales
  • Ce quiz a été pris 291 fois
  • Le résultat moyen est 6 sur 6
Statistiques - réponses
Par images Réponse % Correct
Manon
100%
Lara
99%
Megan
99%
Daniela
98%
Sophia
97%
Yoonchae
95%
Aucun quiz correspondant
Distribution des résultats
% des personnes avec chaque résultat
Percentile par nombre de réponses
Votre historique - résultats
Vous n’avez pas pris ce quiz